Grammy Award du meilleur album alternatif (artiste) - Statistiques

Statistiques générales
  • Ce quiz a été pris 8 fois
  • Le résultat moyen est 10 sur 36
Statistiques - réponses
Année Artiste Album % Correct
2002 Coldplay Parachutes
75%
2003 Coldplay A Rush of Blood to the Head
75%
1998 Radiohead OK Computer
75%
2001 Radiohead Kid A
75%
2009 Radiohead In Rainbows
75%
2012 Bon Iver Bon Iver
50%
1996 Nirvana MTV Unplugged in New York
50%
2010 Phoenix Wolfgang Amadeus Phoenix
50%
1992 R.E.M. Out of Time
50%
2015 St. Vincent St. Vincent
50%
2022 St. Vincent Daddy's Home
50%
2025 St. Vincent All Born Screaming
50%
2023 Wet Leg Wet Leg
50%
2016 Alabama Shakes Sound & Color
25%
2017 David Bowie Blackstar
25%
2021 Fiona Apple Fetch the Bolt Cutters
25%
1991 Sinéad O'Connor I Do Not Want What I Haven't Got
25%
2026 The Cure Songs of a Lost World
25%
1994 U2 Zooropa
25%
2014 Vampire Weekend Modern Vampires of the City
25%
2020 Vampire Weekend Father of the Bride
25%
1999 Beastie Boys Hello Nasty
0%
1997 Beck Odelay
0%
2000 Beck Mutations
0%
2019 Beck Colors
0%
2024 Boygenius The Record
0%
2007 Gnarls Barkley St. Elsewhere
0%
2013 Gotye Making Mirrors
0%
1995 Green Day Dookie
0%
2011 The Black Keys Brothers
0%
2018 The National Sleep Well Beast
0%
2004 The White Stripes Elephant
0%
2006 The White Stripes Get Behind Me Satan
0%
2008 The White Stripes Icky Thump
0%
1993 Tom Waits Bone Machine
0%
2005 Wilco A Ghost Is Born
0%
Aucun quiz correspondant
Distribution des résultats
% des personnes avec chaque résultat
Percentile par nombre de réponses
Votre historique - résultats
Vous n’avez pas pris ce quiz